000
00317nam a22001457a 4500
008
230901b ||||| |||| 00| 0 eng d
020
_a
6210454
041
_a
eng
080
_a
101
082
_a
101RAN
100
_a
44
101
_a
FILOZ
245
_a
THE CAREER OF PHILOSOPHY
_c
RANDALL.JR.H.J
942
_2
udc
_c
BK
999
_c
60242
_d
60242